=LDR 00000nam 2200000 4500 =001 INLIS000000000039306 =005 20200215110450 =035 ##$$a 0010-061300000039306 =008 200215################g##########0#ind## =041 ##$$a Ind =082 ##$$a 133.81 =090 ##$$a 133.81, Muh l =100 1#$$a Muhammad, As'adi =245 1#$$a Lebih dalam tentang Indra keenam manusia, : $b Pengelahan hingga kelebihan-kelebihannya yang sangat menakjubkan /$c As'adi Muhammad =260 ##$$a Jakarta :$b FlashBooks,$c 2011 =300 ##$$a 147 hlm. : $b ilus. ; $c 14 x 20 cm. =850 ##$$a NBPNMAT =020 ##$$a 978-602-978-454-1 =084 ##$$a 133.81 MUH l =650 #4$$a Cenayang =990 ##$$a 21104549 =990 ##$$a 21104553 =990 ##$$a 93808/BPAP-NTB/2014 =990 ##$$a 21195047/BPAP-NTB/2014 =990 ##$$a 21104550 =990 ##$$a 0001/BPAP-NTB/20142014 =990 ##$$a 93808/BPAP-NTB/2014 =990 ##$$a 21104549 =990 ##$$a 21104553 =990 ##$$a 21195047/BPAP-NTB/2014 =990 ##$$a 21104550 =990 ##$$a 0001/BPAP-NTB/20142014 =990 ##$$a 0001/BPAP-NTB/20142014 =990 ##$$a 21104549 =990 ##$$a 21104553 =990 ##$$a 93808/BPAP-NTB/2014 =990 ##$$a 21195047/BPAP-NTB/2014 =990 ##$$a 21104550